[Event "Bled Olympiad"]
[Site "Bled SLO"]
[Date "2002.11.01"]
[EventDate "2002.10.26"]
[Round "7"]
[Result "1-0"]
[White "Mircea-Emilian Parligras"]
[Black "Marek Vokac"]
[WhiteElo "2490"]
[BlackElo "2507"]
[PlyCount "119"]

1. e4 c5 2. Nf3 Nf6 3. Nc3 Nc6 4. Bb5 d6 5. e5 dxe5 6. Nxe5
Bd7 7. Bxc6 Bxc6 8. Nxc6 bxc6 9. d3 e6 10. O-O Be7 11. Re1 O-O
12. Bg5 Nd5 13. Bxe7 Qxe7 14. Qd2 Nxc3 15. Qxc3 Rad8 16. Re4
Rd5 17. Rae1 Rfd8 18. Rg4 g6 19. Ra4 Rd4 20. Rxd4 Rxd4 21. Re5
Rd5 22. Re4 Qb7 23. Ra4 Qb6 24. Qa3 Rd7 25. g3 h5 26. h4 e5
27. Ra6 Qb7 28. Ra5 Qb6 29. Rxc5 Rd5 30. Rc4 Rd4 31. Qe7 Rxc4
32. Qe8+ Kg7 33. Qxe5+ Kg8 34. dxc4 Qa6 35. Qb8+ Kg7 36. Qb3
f6 37. Qb4 Kf7 38. a3 Qc8 39. Qd6 g5 40. hxg5 fxg5 41. Qh6 Qg4
42. Qxc6 Qd1+ 43. Kg2 Qxc2 44. Qd5+ Kf6 45. Qd4+ Ke6 46. c5 g4
47. Qd6+ Kf5 48. Qd5+ Kg6 49. c6 a5 50. b4 axb4 51. axb4 h4
52. gxh4 Qc3 53. b5 Qh3+ 54. Kg1 Qxh4 55. c7 g3 56. Qd6+ Kf7
57. Qxg3 Qc4 58. b6 Ke7 59. Qg5+ Kf7 60. Qf5+ 1-0

[Event "Bled Olympiad"]
[Site "Bled SLO"]
[Date "2002.11.01"]
[EventDate "2002.10.26"]
[Round "7"]
[Result "1-0"]
[White "Gabriel Sargissian"]
[Black "Andrei Kovalev"]
[WhiteElo "2568"]
[BlackElo "2555"]
[PlyCount "63"]

1. d4 Nf6 2. c4 g6 3. Nf3 Bg7 4. Nc3 d6 5. g3 O-O 6. Bg2 Nc6
7. O-O a6 8. d5 Na5 9. Nd2 c5 10. Qc2 Rb8 11. b3 b5 12. Rb1 e5
13. Bb2 Bf5 14. e4 Bd7 15. Nd1 bxc4 16. bxc4 Bh6 17. Bc3 Rxb1
18. Qxb1 Nh5 19. Ne3 f5 20. exf5 gxf5 21. Bh3 f4 22. Nf5 Bxf5
23. Bxf5 fxg3 24. fxg3 Be3+ 25. Kh1 Nf6 26. Ne4 Nxc4 27. Nxf6+
Rxf6 28. Qd3 Qf8 29. Qxc4 Bd4 30. g4 h5 31. Bxd4 hxg4 32. Be3
1-0

[Event "Bled Olympiad"]
[Site "Bled SLO"]
[Date "2002.11.01"]
[EventDate "2002.10.26"]
[Round "7"]
[Result "1/2-1/2"]
[White "Alexei Fedorov"]
[Black "Karen Asrian"]
[WhiteElo "2564"]
[BlackElo "2597"]
[PlyCount "92"]

1. e4 e6 2. d4 d5 3. Nc3 Bb4 4. e5 c5 5. a3 Bxc3+ 6. bxc3 Qa5
7. Bd2 Qa4 8. Qb1 c4 9. Nh3 Nc6 10. Nf4 Nge7 11. g3 b6 12. Bg2
Bd7 13. O-O O-O-O 14. Nh5 Rhg8 15. Qb2 Kb7 16. Rae1 Rdf8
17. f4 Ka6 18. g4 Qa5 19. Re2 h6 20. Kh1 f5 21. exf6 gxf6
22. Bh3 Nc8 23. a4 Nd6 24. Ng3 Kb7 25. f5 exf5 26. gxf5 Re8
27. Rxe8 Rxe8 28. Bf4 Ne4 29. Nxe4 dxe4 30. Bg2 Ne7 31. Bxe4+
Nd5 32. Bf3 Bxf5 33. Qb4 Be4 34. Bxe4 Rxe4 35. Qxa5 bxa5
36. Bxh6 Re2 37. Rb1+ Kc6 38. Rb5 Rxc2 39. Rc5+ Kd6 40. Rxc4
Rxc3 41. Rc5 Rd3 42. Rxa5 Rxd4 43. Rxa7 f5 44. Kg2 Rc4 45. a5
Rc2+ 46. Kg3 Ke5 1/2-1/2

[Event "Bled Olympiad"]
[Site "Bled SLO"]
[Date "2002.11.01"]
[EventDate "2002.10.26"]
[Round "7"]
[Result "1-0"]
[White "Sergei Azarov"]
[Black "Ashot Anastasian"]
[WhiteElo "2520"]
[BlackElo "2555"]
[PlyCount "73"]

1. e4 c6 2. Nc3 d5 3. Nf3 Bg4 4. h3 Bxf3 5. Qxf3 e6 6. d3 Nd7
7. g3 g6 8. Bg2 Bg7 9. O-O Ne7 10. Qe2 Qb6 11. exd5 cxd5
12. Bg5 f6 13. Bd2 Kf7 14. Rfe1 Rhe8 15. b3 f5 16. Rac1 Qa6
17. a4 Qc6 18. Nb5 a6 19. c4 Nc5 20. cxd5 Nxd5 21. d4 axb5
22. Rxc5 Qd6 23. Qxb5 Bxd4 24. Qxb7+ Kg8 25. Rxd5 exd5
26. Qxd5+ Qxd5 27. Bxd5+ Kf8 28. Bb4+ Kg7 29. Bxa8 Rxa8
30. Rd1 Be5 31. Bc5 Kf7 32. Bb6 Ke6 33. a5 Bc3 34. Rc1 Bb2
35. Rc7 Ba3 36. Rxh7 Bb4 37. Rh4 1-0

[Event "Bled Olympiad"]
[Site "Bled SLO"]
[Date "2002.11.01"]
[EventDate "2002.10.26"]
[Round "7"]
[Result "1/2-1/2"]
[White "Zurab Sturua"]
[Black "Vladimir Baklan"]
[WhiteElo "2536"]
[BlackElo "2607"]
[PlyCount "47"]

1. d4 Nf6 2. Nf3 e6 3. c4 b6 4. g3 Ba6 5. b3 Bb7 6. Bg2 Bb4+
7. Bd2 a5 8. O-O O-O 9. Qc2 d6 10. a3 Bxd2 11. Nbxd2 Nbd7
12. e4 e5 13. Rfd1 Re8 14. d5 c6 15. b4 Qc7 16. dxc6 Bxc6
17. Qd3 g6 18. Ne1 Ra7 19. Nb3 Ba4 20. Rab1 axb4 21. axb4 Rc8
22. Bf1 Nf8 23. f3 Rd8 24. Rd2 1/2-1/2

[Event "Bled Olympiad"]
[Site "Bled SLO"]
[Date "2002.11.01"]
[EventDate "2002.10.26"]
[Round "7"]
[Result "1/2-1/2"]
[White "Vereslav Eingorn"]
[Black "Mikhael Mchedlishvili"]
[WhiteElo "2600"]
[BlackElo "2551"]
[PlyCount "77"]

1. Nf3 Nf6 2. c4 e6 3. Nc3 Bb4 4. Qc2 c5 5. a3 Bxc3 6. Qxc3
O-O 7. e3 b6 8. b4 d6 9. Bb2 e5 10. Be2 Bb7 11. d3 Qe7 12. O-O
Nc6 13. Rfe1 Rfe8 14. Rab1 Rac8 15. bxc5 bxc5 16. Nd2 Qc7
17. Qb3 Rb8 18. Qa4 Ne7 19. Bc3 Bc6 20. Qc2 Ng6 21. Rxb8 Rxb8
22. Rb1 Rxb1+ 23. Qxb1 Qb6 24. Qb2 Kf8 25. g3 Nd7 26. f4 f6
27. Kf2 Qa6 28. Ne4 Bxe4 29. dxe4 Nb6 30. Bd2 Ke7 31. Qc3 Nf8
32. Qa5 Qxa5 33. Bxa5 Ne6 34. Bd2 Na4 35. Bd1 Nb6 36. Bb3 Nd8
37. Ke2 Nc6 38. Kd3 Kf8 39. Bd1 1/2-1/2

[Event "Bled Olympiad"]
[Site "Bled SLO"]
[Date "2002.11.01"]
[EventDate "2002.10.26"]
[Round "7"]
[Result "1-0"]
[White "Erik van den Doel"]
[Black "Stuart Conquest"]
[WhiteElo "2594"]
[BlackElo "2537"]
[PlyCount "73"]

1. e4 c5 2. Nf3 e6 3. d4 cxd4 4. Nxd4 a6 5. Be2 Nf6 6. Nc3 Qc7
7. O-O Bc5 8. Kh1 O-O 9. Bg5 d6 10. Bxf6 gxf6 11. f4 Nd7
12. Nb3 b5 13. Bd3 Bb7 14. Qh5 Kg7 15. Rf3 Rh8 16. Rg3+ Kf8
17. f5 e5 18. a4 Bf2 19. Qh6+ Ke7 20. Rg7 b4 21. Nd1 Ba7
22. a5 d5 23. Ne3 Bxe3 24. Qxe3 dxe4 25. Bxe4 Rac8 26. Rd1
Rhd8 27. Bxb7 Qxb7 28. Qe2 Rg8 29. Rxg8 Rxg8 30. Qd2 Qc6
31. Qxb4+ Ke8 32. Qd2 Rg4 33. c3 h5 34. Nc5 Qxc5 35. Qxd7+ Kf8
36. Qd8+ Kg7 37. Rd6 1-0

[Event "Bled Olympiad"]
[Site "Bled SLO"]
[Date "2002.11.01"]
[EventDate "2002.10.26"]
[Round "7"]
[Result "0-1"]
[White "Miguel Illescas Cordoba"]
[Black "Suat Atalik"]
[WhiteElo "2585"]
[BlackElo "2575"]
[PlyCount "106"]

1. Nf3 d5 2. d4 Nf6 3. c4 c6 4. Nc3 a6 5. e3 Bf5 6. Bd3 Bxd3
7. Qxd3 e6 8. O-O Be7 9. e4 O-O 10. b3 dxe4 11. Nxe4 Nxe4
12. Qxe4 Nd7 13. Bf4 Qa5 14. Qc2 Rad8 15. Rad1 Rfe8 16. Rfe1
Bf6 17. h3 Nf8 18. Bd2 Qh5 19. Be3 Ng6 20. Qe4 Nh4 21. Nxh4
Qxh4 22. Qxh4 Bxh4 23. Kf1 Rd7 24. Ke2 Red8 25. Rd2 Be7
26. Red1 Bb4 27. Rd3 f6 28. Bd2 Bd6 29. Ba5 Re8 30. Kf3 Kf7
31. Bb6 h5 32. Ke2 g5 33. a4 Rg8 34. Rh1 Be7 35. f3 h4
36. Rhd1 Rc8 37. Kd2 Bb4+ 38. Kc2 a5 39. Rf1 Ra8 40. f4 gxf4
41. Rxf4 Rg8 42. Rf2 f5 43. Kd1 c5 44. d5 Kf6 45. d6 Rg3
46. Rff3 Rxg2 47. Bc7 e5 48. Rde3 Rd2+ 49. Kc1 f4 50. Rd3 Rxd3
51. Rxd3 e4 52. Rd1 e3 53. Rf1 e2 0-1

[Event "Bled Olympiad"]
[Site "Bled SLO"]
[Date "2002.11.01"]
[EventDate "2002.10.26"]
[Round "7"]
[Result "1-0"]
[White "Emir Dizdarevic"]
[Black "Alfonso Romero Holmes"]
[WhiteElo "2520"]
[BlackElo "2524"]
[PlyCount "89"]

1. Nf3 Nf6 2. g3 g6 3. Bg2 Bg7 4. c4 d6 5. d4 O-O 6. Nc3 Nc6
7. h3 e5 8. Bg5 h6 9. Be3 Nd7 10. Qd2 Kh7 11. Rd1 f5 12. dxe5
dxe5 13. Qc2 e4 14. Nd2 Nce5 15. O-O c6 16. f3 exf3 17. exf3
Qc7 18. f4 Nf7 19. Rfe1 Re8 20. Nf3 Nf6 21. Bf2 Bd7 22. Kh2 b6
23. c5 bxc5 24. Bxc5 Be6 25. Nd4 Bd5 26. Nxd5 cxd5 27. Ne6 Qc8
28. Nxg7 Kxg7 29. Rxe8 Qxe8 30. Bd4 Rc8 31. Bxf6+ Kxf6 32. Qf2
Kg7 33. Rxd5 Rc7 34. b4 h5 35. b5 Re7 36. Qb2+ Kh7 37. a4 Re1
38. Qc3 Re2 39. Rd2 Re3 40. Qc5 Re7 41. a5 h4 42. gxh4 Nd8
43. Qc8 Ne6 44. Qxe8 Rxe8 45. Re2 1-0

[Event "Bled Olympiad"]
[Site "Bled SLO"]
[Date "2002.11.01"]
[EventDate "2002.10.26"]
[Round "7"]
[Result "0-1"]
[White "Dusko Pavasovic"]
[Black "Peter Acs"]
[WhiteElo "2581"]
[BlackElo "2591"]
[PlyCount "90"]

1. e4 e5 2. Nf3 Nc6 3. d4 exd4 4. Nxd4 Bc5 5. Nxc6 Qf6 6. Qd2
dxc6 7. Nc3 Ne7 8. Na4 Bd6 9. f4 Ng6 10. g3 Qe7 11. Bd3 Bh3
12. Qe2 O-O-O 13. Bd2 Rhe8 14. O-O-O Qe6 15. Nc3 Bg4 16. Qe3
Bxd1 17. Rxd1 Nf8 18. Qxa7 Nd7 19. Qa8+ Nb8 20. Be3 c5 21. e5
Bf8 22. Nb5 c6 23. f5 Qd5 24. Nc3 Qf3 25. Bf4 Rxe5 26. Na4 f6
27. Nb6+ Kc7 28. Qa5 Na6 29. Rf1 Rxd3 30. Rxf3 Rxf3 31. Nc4+
Kc8 32. Bxe5 fxe5 33. Nxe5 Rf1+ 34. Kd2 Rxf5 35. Nxc6 Rd5+
36. Ke2 g6 37. Qb6 Rd6 38. Na7+ Kb8 39. Qb3 Kxa7 40. Qf7 Bh6
41. Qxh7 Bc1 42. b3 Bb2 43. h4 Nb4 44. Qc7 Re6+ 45. Kd2 Bc3+
0-1

[Event "Bled Olympiad"]
[Site "Bled SLO"]
[Date "2002.11.01"]
[EventDate "2002.10.26"]
[Round "7"]
[Result "1/2-1/2"]
[White "Adrian Mikhalchishin"]
[Black "Zoltan Almasi"]
[WhiteElo "2542"]
[BlackElo "2672"]
[PlyCount "58"]

1. d4 Nf6 2. Nf3 e6 3. c4 b6 4. g3 Ba6 5. b3 d5 6. cxd5 exd5
7. Bg2 Bb4+ 8. Bd2 Bd6 9. Nc3 O-O 10. O-O Nbd7 11. Bf4 Qe7
12. Rc1 Rfe8 13. Bxd6 Qxd6 14. Qc2 Rac8 15. Rfd1 Ne4 16. e3 f5
17. Bf1 Bxf1 18. Kxf1 c6 19. Kg2 Qh6 20. Qd3 Ndf6 21. Rf1 Ng4
22. Nd1 Re6 23. h3 Ngf6 24. Ne5 c5 25. Nc3 Rce8 26. f4 Nxc3
27. Rxc3 Ne4 28. Rc2 Rd8 29. Qa6 Re7 1/2-1/2

[Event "Bled Olympiad"]
[Site "Bled SLO"]
[Date "2002.11.01"]
[EventDate "2002.10.26"]
[Round "7"]
[Result "1/2-1/2"]
[White "Gregory Kaidanov"]
[Black "Eduardas Rozentalis"]
[WhiteElo "2646"]
[BlackElo "2563"]
[PlyCount "43"]

1. d4 Nf6 2. c4 e6 3. Nc3 Bb4 4. e3 d5 5. a3 Bxc3+ 6. bxc3 c6
7. Nf3 O-O 8. Bd3 b6 9. cxd5 cxd5 10. Qe2 Bb7 11. c4 dxc4
12. Bxc4 Bd5 13. O-O Bxc4 14. Qxc4 Qd5 15. Qxd5 Nxd5 16. Bd2
Nd7 17. Rfc1 Rfc8 18. a4 N7f6 19. Kf1 Ne4 20. Ke2 Nxd2
21. Kxd2 f6 22. Ne1 1/2-1/2

[Event "Bled Olympiad"]
[Site "Bled SLO"]
[Date "2002.11.01"]
[EventDate "2002.10.26"]
[Round "7"]
[Result "1/2-1/2"]
[White "Aloyzas Kveinys"]
[Black "Larry Christiansen"]
[WhiteElo "2530"]
[BlackElo "2566"]
[PlyCount "123"]

1. e4 c5 2. Nf3 d6 3. d4 cxd4 4. Nxd4 Nf6 5. Nc3 g6 6. h3 Bg7
7. Bc4 O-O 8. O-O Nc6 9. Re1 Bd7 10. Bb3 Nxd4 11. Qxd4 Bc6
12. Qe3 e6 13. Qd3 a5 14. a4 d5 15. exd5 Nxd5 16. Nxd5 exd5
17. Rd1 Re8 18. c3 Re5 19. Be3 Qh4 20. Bd4 Rf5 21. Rd2 Bxd4
22. Qxd4 Rf4 23. Qd3 Rf5 24. Re1 Qg5 25. Re3 Rd8 26. Rg3 Qf6
27. Qd4 Re8 28. Qxf6 Re1+ 29. Kh2 Rxf6 30. Rgd3 Ra1 31. Rd4 h5
32. h4 Re6 33. f3 Kg7 34. Kg3 Re7 35. Rd1 Rxd1 36. Bxd1 f6
37. Kf2 g5 38. Bb3 Re5 39. g3 b6 40. f4 gxf4 41. Rxf4 Bd7
42. Bd1 Kg6 43. Rd4 Bf5 44. Rd2 Be4 45. Be2 Bf5 46. b3 Be4
47. Rb2 Bf5 48. b4 Bg4 49. Bd3+ Bf5 50. Bf1 Re4 51. Bd3 Re5
52. Bb5 Re7 53. bxa5 bxa5 54. Bc6 Be4 55. Rb5 Rc7 56. Bxd5
Bxd5 57. Rxd5 Rxc3 58. Rxa5 Ra3 59. Ra8 Kf5 60. a5 Kg4 61. a6
Ra2+ 62. Ke3 1/2-1/2

[Event "Bled Olympiad"]
[Site "Bled SLO"]
[Date "2002.11.01"]
[EventDate "2002.10.26"]
[Round "7"]
[Result "1/2-1/2"]
[White "Zvonko Stanojoski"]
[Black "Jan Plachetka"]
[WhiteElo "2482"]
[BlackElo "2444"]
[PlyCount "59"]

1. e4 c5 2. Nf3 Nc6 3. d4 cxd4 4. Nxd4 g6 5. c4 Bg7 6. Be3 Nf6
7. Nc3 O-O 8. Be2 d6 9. O-O Bd7 10. Qd2 Nxd4 11. Bxd4 Bc6
12. f3 a5 13. b3 Nd7 14. Be3 Nc5 15. Rab1 Qb6 16. Rfc1 Rfc8
17. Rc2 Qd8 18. Bf1 h5 19. Nd5 e6 20. Nc3 Qf8 21. a3 Kh7
22. b4 axb4 23. axb4 Na4 24. Ne2 b5 25. Rbc1 bxc4 26. Rxc4 Bb5
27. Rxc8 Qxc8 28. Qxd6 Qc2 29. Qd2 Qb1 30. Qd6 1/2-1/2

[Event "Bled Olympiad"]
[Site "Bled SLO"]
[Date "2002.11.01"]
[EventDate "2002.10.26"]
[Round "7"]
[Result "1/2-1/2"]
[White "Walter Arencibia"]
[Black "Alexander Huzman"]
[WhiteElo "2521"]
[BlackElo "2595"]
[PlyCount "51"]

1. b3 g6 2. Bb2 Nf6 3. Bxf6 exf6 4. d4 Bg7 5. e3 f5 6. g3 O-O
7. Bg2 d5 8. Ne2 c6 9. O-O Be6 10. Nd2 Nd7 11. c4 Nf6 12. Nf4
Ne4 13. Rc1 Qa5 14. Rc2 Nxd2 15. Rxd2 dxc4 16. Nxe6 fxe6
17. bxc4 e5 18. dxe5 Bxe5 19. c5 Rf7 20. Qc1 Rd8 21. Rxd8+
Qxd8 22. Qc4 Kg7 23. h4 Rd7 24. Bf3 h5 25. Rb1 Qe7 26. Qc2
1/2-1/2

[Event "Bled Olympiad"]
[Site "Bled SLO"]
[Date "2002.11.01"]
[EventDate "2002.10.26"]
[Round "7"]
[Result "1-0"]
[White "Zhong Zhang"]
[Black "Florian Jenni"]
[WhiteElo "2620"]
[BlackElo "2483"]
[PlyCount "135"]

1. e4 e5 2. Nf3 Nc6 3. Bb5 a6 4. Ba4 Nf6 5. O-O Be7 6. Re1 b5
7. Bb3 O-O 8. h3 Bb7 9. d3 d6 10. a3 Re8 11. Nc3 Qd7 12. Ne2
h6 13. Ng3 Bf8 14. Bd2 g6 15. c4 Nd8 16. a4 bxc4 17. Bxc4 c5
18. b4 cxb4 19. Bxb4 Nc6 20. Bc3 Bg7 21. Qb3 Rab8 22. Nh4 Nd4
23. Bxd4 exd4 24. Reb1 d5 25. exd5 Bxd5 26. Qxb8 Rxb8
27. Rxb8+ Kh7 28. Bxd5 Nxd5 29. Nf3 Nf4 30. Ne1 Qc6 31. Rb3
Be5 32. Kf1 Bc7 33. a5 Qd5 34. Rba3 f5 35. Ra4 Qb5 36. Ne2
Nxe2 37. Kxe2 Qb2+ 38. Kf1 Bd6 39. R4a2 Qb5 40. Rc1 h5 41. Rc4
Qb1 42. Raa4 Bf4 43. Rc2 Qd1 44. Rxd4 Bd2 45. Rc7+ Kh6 46. Re7
Qa1 47. Rdd7 Kg5 48. Re6 Bxa5 49. g3 f4 50. Rd5+ Kh6 51. gxf4
Bxe1 52. Rxe1 Qf6 53. Re4 h4 54. Rde5 Qd6 55. d4 Qa3 56. Kg2
a5 57. f5 gxf5 58. Rxf5 a4 59. Rxh4+ Kg6 60. Rf3 Qd6 61. Rg4+
Kh6 62. Rfg3 Kh5 63. Kg1 Qh6 64. Re3 Qc6 65. Kh2 Qc2 66. Kg3
Qb1 67. Re5+ Kh6 68. Kh4 1-0

[Event "Bled Olympiad"]
[Site "Bled SLO"]
[Date "2002.11.01"]
[EventDate "2002.10.26"]
[Round "7"]
[Result "1/2-1/2"]
[White "Joseph G Gallagher"]
[Black "Xu Jun"]
[WhiteElo "2540"]
[BlackElo "2643"]
[PlyCount "49"]

1. e4 c5 2. Nf3 d6 3. d4 cxd4 4. Nxd4 Nf6 5. Nc3 a6 6. Be3 Ng4
7. Bg5 h6 8. Bh4 g5 9. Bg3 Bg7 10. h3 Nf6 11. Qf3 Qb6
12. O-O-O Nc6 13. Nxc6 Qxc6 14. Be2 Qc5 15. e5 dxe5 16. Qe3
Qxe3+ 17. fxe3 e4 18. Rd4 O-O 19. Nxe4 Nxe4 20. Rxe4 Be6
21. Bc4 Bxc4 22. Rxc4 Rac8 23. Rxc8 Rxc8 24. Rd1 Rc6 25. Rd7
1/2-1/2

[Event "Bled Olympiad"]
[Site "Bled SLO"]
[Date "2002.11.01"]
[EventDate "2002.10.26"]
[Round "7"]
[Result "1/2-1/2"]
[White "Sergio Slipak"]
[Black "Julian Radulski"]
[WhiteElo "2498"]
[BlackElo "2487"]
[PlyCount "42"]

1. d4 d5 2. c4 e6 3. Nc3 Nf6 4. Nf3 Nbd7 5. cxd5 exd5 6. Bf4
c6 7. h3 Ne4 8. Nxe4 dxe4 9. Nd2 Nf6 10. e3 Nd5 11. Be5 f6
12. Bh2 f5 13. Bc4 Be6 14. O-O Bb4 15. a3 Bd6 16. Bxd6 Qxd6
17. Qh5+ g6 18. Qe2 O-O 19. Rac1 Rae8 20. Bxd5 Bxd5 21. Nc4
Qe7 1/2-1/2

[Event "Bled Olympiad"]
[Site "Bled SLO"]
[Date "2002.11.01"]
[EventDate "2002.10.26"]
[Round "7"]
[Result "1/2-1/2"]
[White "Vasil Spasov"]
[Black "Pablo Ricardi"]
[WhiteElo "2591"]
[BlackElo "2544"]
[PlyCount "39"]

1. e4 d5 2. exd5 Qxd5 3. Nc3 Qa5 4. d4 Nf6 5. Bd2 c6 6. Bc4
Bf5 7. Nf3 e6 8. Nd5 Qd8 9. Nxf6+ gxf6 10. c3 Bd6 11. Qe2 Nd7
12. O-O-O Qc7 13. Nh4 Bg6 14. Bxe6 fxe6 15. Qxe6+ Kd8 16. Nxg6
hxg6 17. Rhe1 b5 18. Bh6 Kc8 19. Bg7 Rxh2 20. Bxf6 1/2-1/2

[Event "Bled Olympiad"]
[Site "Bled SLO"]
[Date "2002.11.01"]
[EventDate "2002.10.26"]
[Round "7"]
[Result "1/2-1/2"]
[White "Petar Genov"]
[Black "Fernando Peralta"]
[WhiteElo "2515"]
[BlackElo "2478"]
[PlyCount "70"]

1. d4 d5 2. c4 c6 3. Nf3 Nf6 4. Nc3 dxc4 5. a4 Bf5 6. Ne5 Nbd7
7. Nxc4 Nb6 8. Ne5 a5 9. f3 Nfd7 10. Nxd7 Nxd7 11. e4 Bg6
12. Be3 Qb6 13. Qd2 e5 14. O-O-O O-O-O 15. g3 exd4 16. Bxd4
Bc5 17. Bh3 Bxd4 18. Qxd4 Qxd4 19. Rxd4 Kc7 20. Bxd7 Rxd7
21. Rxd7+ Kxd7 22. Kd2 f6 23. Ke3 Bf7 24. f4 Bb3 25. Rg1 h5
26. h4 Kd6 27. Kd4 g6 28. Rg2 Rd8 29. g4 hxg4 30. Rxg4 Bf7
31. f5 c5+ 32. Ke3 gxf5 33. exf5 Ke5 34. Rg7 Bc4 35. Rxb7 Rd3+
1/2-1/2

[Event "Bled Olympiad"]
[Site "Bled SLO"]
[Date "2002.11.01"]
[EventDate "2002.10.26"]
[Round "7"]
[Result "1/2-1/2"]
[White "Nelson Mariano"]
[Black "Praveen Mahadeo Thipsay"]
[WhiteElo "2408"]
[BlackElo "2460"]
[PlyCount "162"]

1. e4 e5 2. Nf3 Nc6 3. Bb5 a6 4. Ba4 Nf6 5. O-O Be7 6. Re1 b5
7. Bb3 O-O 8. a4 Bb7 9. d3 d6 10. Nc3 Na5 11. Ba2 b4 12. Ne2
c5 13. Ng3 Bc8 14. Bc4 Nxc4 15. dxc4 Be6 16. b3 Nd7 17. Nf5
Nb8 18. Be3 Nc6 19. Nd2 Bf6 20. Nf1 Nd4 21. N1g3 g6 22. Nxd4
cxd4 23. Bh6 Re8 24. f4 a5 25. Qd3 Bd7 26. Rf1 Bg7 27. Bxg7
Kxg7 28. Rf2 f6 29. Raf1 Rf8 30. h4 Qe7 31. f5 gxf5 32. Nxf5+
Bxf5 33. Rxf5 Rf7 34. h5 Rg8 35. Qf3 h6 36. Kh1 Rff8 37. Qf2
Qe6 38. Qh4 Qe7 39. R1f3 Rf7 40. Kg1 Rff8 41. Kf1 Rf7 42. Kg1
Rff8 43. Rf2 Rf7 44. R5f3 Qe6 45. Kf1 Qe7 46. Rg3+ Kh7
47. Rxg8 Kxg8 48. Qg4+ Kh8 49. Qg6 Qf8 50. Qf5 Qe7 51. Rf3 Rf8
52. Rg3 Rg8 53. Rxg8+ Kxg8 54. Kf2 Qf7 55. Kf3 Kf8 56. Qc8+
Kg7 57. Kg4 Kh7 58. Qf5+ Kg7 59. Kh4 Qe8 60. Qg4+ Kh7 61. Kg3
Qf7 62. Qf5+ Kg7 63. Kf3 Qe8 64. g4 Qf7 65. Qc8 Qe7 66. Qa8 f5
67. exf5 Qh4 68. Qb7+ Kf6 69. Qh7 Qh1+ 70. Kf2 Qh2+ 71. Ke1
Qg1+ 72. Kd2 Qf2+ 73. Kc1 e4 74. Qxh6+ Ke5 75. Qg5 e3 76. f6+
Ke6 77. Qd5+ Kxf6 78. g5+ Ke7 79. Qb7+ Ke6 80. Qd5+ Ke7
81. Qb7+ Ke6 1/2-1/2

[Event "Bled Olympiad"]
[Site "Bled SLO"]
[Date "2002.11.01"]
[EventDate "2002.10.26"]
[Round "7"]
[Result "0-1"]
[White "Ilmars Starostits"]
[Black "Shukhrat Safin"]
[WhiteElo "2398"]
[BlackElo "2542"]
[PlyCount "126"]

1. c4 g6 2. Nc3 Bg7 3. g3 Nf6 4. Bg2 O-O 5. d3 d6 6. Rb1 c6
7. e4 a6 8. Nge2 b5 9. O-O Nbd7 10. cxb5 axb5 11. e5 Nxe5
12. d4 Nc4 13. Bxc6 Bf5 14. Bxb5 Bxb1 15. Nxb1 d5 16. Nec3 Nd6
17. Bd3 Qb6 18. Bc2 e6 19. Na4 Qc6 20. b4 Nb5 21. Bb3 Ne4
22. Bb2 Rfc8 23. Nc5 Nxc5 24. bxc5 Qa6 25. Qd2 Rcb8 26. h4 Qa5
27. Qf4 Qb4 28. Rd1 Rc8 29. Rd2 h5 30. Kg2 Ra7 31. Qe3 Kh7
32. Qd3 Rca8 33. Ba1 Na3 34. Nc3 Nc4 35. Rd1 Kg8 36. Rb1 Na3
37. Rd1 Rb8 38. Ne2 Nc4 39. Rb1 Qa5 40. Nc3 Na3 41. Rc1 Qa6
42. Qd2 Nc4 43. Qf4 Raa8 44. Na4 Rd8 45. Rd1 Rab8 46. Bc3 Na5
47. Bc2 Nc6 48. Bb3 Qe2 49. Nb6 Qe4+ 50. Qxe4 dxe4 51. d5 exd5
52. Bxg7 Kxg7 53. Rxd5 Na5 54. c6 Nxc6 55. Rxd8 Nxd8 56. Nc4
f5 57. Ne5 Rb5 58. f4 Rb6 59. Kf2 Rd6 60. Bc4 Nc6 61. Ke3 Nxe5
62. fxe5 Rd1 63. e6 Kf6 0-1

[Event "Bled Olympiad"]
[Site "Bled SLO"]
[Date "2002.11.01"]
[EventDate "2002.10.26"]
[Round "7"]
[Result "0-1"]
[White "Normunds Miezis"]
[Black "Sergey Zagrebelny"]
[WhiteElo "2523"]
[BlackElo "2525"]
[PlyCount "142"]

1. c4 Nf6 2. Nc3 e6 3. e4 d5 4. exd5 exd5 5. d4 Be7 6. Nf3 O-O
7. Be2 Be6 8. cxd5 Nxd5 9. O-O Nc6 10. Re1 h6 11. h3 Bf5
12. Bb5 Bf6 13. a3 a6 14. Bxc6 bxc6 15. Ne4 a5 16. Ne5 Bxe5
17. dxe5 Qe7 18. Ng3 Bg6 19. Qg4 Qe6 20. Be3 Rfb8 21. Bd4 c5
22. Bxc5 Rxb2 23. Qd4 Rab8 24. Rad1 c6 25. Rc1 Ra2 26. Qa4 Kh7
27. Ba7 Rb5 28. Kh2 Nb4 29. Rc3 Bc2 30. Rxc2 Nxc2 31. Re2 Nb4
32. Re4 Rxe5 33. Rf4 Nd3 34. Rf3 Ne1 35. Rc3 Qd5 36. Qxc6 Qxc6
37. Rxc6 Rxa3 38. Rc7 Kg6 39. h4 h5 40. f4 Rd5 41. f5+ Kf6
42. Rc6+ Ke5 43. Bb8+ Kd4 44. Rc1 Nd3 45. Rc7 Ne5 46. Ba7+ Kd3
47. Nxh5 Kd2 48. Ng3 Ng4+ 49. Kh3 Nf6 50. Kh2 Rdd3 51. Nf1+
Ke2 52. Kg1 Ra1 53. Rc2+ Kd1 54. Rc7 Nd5 55. Rc4 a4 56. h5 a3
57. Kh2 a2 58. Bd4 Rb1 59. Ra4 Rxd4 60. Rxa2 Ke1 61. Ng3 Nc3
62. Rc2 Kd1 63. Rf2 Rh4+ 64. Kg1 Ne4 65. Nxe4 Rxe4 66. f6 gxf6
67. g3 Re1+ 68. Kg2 Re2 69. g4 Ke1 70. Rxe2+ Kxe2 71. h6 Rb8
0-1

[Event "Bled Olympiad"]
[Site "Bled SLO"]
[Date "2002.11.01"]
[EventDate "2002.10.26"]
[Round "7"]
[Result "1-0"]
[White "Rustam Kasimdzhanov"]
[Black "Igors Rausis"]
[WhiteElo "2653"]
[BlackElo "2537"]
[PlyCount "74"]

1. e4 c6 2. d4 d5 3. Nc3 dxe4 4. Nxe4 Bf5 5. Ng3 Bg6 6. h4 h6
7. Nf3 e6 8. Ne5 Bh7 9. Bd3 Bxd3 10. Qxd3 Nd7 11. Bf4 Ngf6
12. O-O-O Be7 13. Kb1 O-O 14. Qe2 a5 15. c4 a4 16. Rh3 Re8
17. Nh5 Bf8 18. Bxh6 Nxh5 19. Qxh5 Nxe5 20. dxe5 Qc7 21. Rg3
Red8 22. Rxd8 Qxd8 23. Qg4 f5 24. exf6 Qxf6 25. Bc1 Rd8
26. Bg5 Qg6+ 27. Kc1 Rd3 28. Be3 Qf6 29. Rf3 Qe5 30. Qf4 Qxf4
31. Rxf4 Be7 32. Kc2 Rd8 33. h5 b5 34. Rd4 Rb8 35. Rd7 Bf6
36. c5 b4 37. b3 axb3+ 1-0

[Event "Bled Olympiad"]
[Site "Bled SLO"]
[Date "2002.11.01"]
[EventDate "2002.10.26"]
[Round "7"]
[Result "1/2-1/2"]
[White "Saidali Iuldachev"]
[Black "Roland Berzinsh"]
[WhiteElo "2511"]
[BlackElo "2472"]
[PlyCount "95"]

1. e4 e5 2. Nf3 Nc6 3. Bb5 Nf6 4. O-O Nxe4 5. d4 Nd6 6. Bxc6
dxc6 7. dxe5 Nf5 8. Qxd8+ Kxd8 9. Nc3 Ke8 10. h3 Ne7 11. Re1
Ng6 12. Ne4 h6 13. b3 a5 14. a4 c5 15. c4 Be6 16. Bb2 Kd7
17. Rad1+ Kc6 18. Nc3 Be7 19. Nd5 Rad8 20. Nxe7+ Nxe7 21. Kf1
Ng6 22. Bc3 b6 23. Rd2 Rxd2 24. Nxd2 Rd8 25. Re3 Nf4 26. h4
Bf5 27. f3 Rd3 28. Rxd3 Bxd3+ 29. Kf2 Bc2 30. g4 g6 31. Ke3
Ne6 32. f4 h5 33. f5 gxf5 34. gxh5 f4+ 35. Kf2 Kd7 36. h6 Ke7
37. Nf3 Kf8 38. Ng5 Bxb3 39. h7 Kg7 40. Nxf7 Kxh7 41. Ng5+
Nxg5 42. hxg5 Kg6 43. e6 Bxc4 44. e7 Kf7 45. Be5 b5 46. axb5
Bxb5 47. Bxc7 a4 48. Bxf4 1/2-1/2

[Event "Bled Olympiad"]
[Site "Bled SLO"]
[Date "2002.11.01"]
[EventDate "2002.10.26"]
[Round "7"]
[Result "1-0"]
[White "Thomas Luther"]
[Black "Hany Sameeh"]
[WhiteElo "2538"]
[BlackElo "2375"]
[PlyCount "71"]

1. e4 c5 2. Nf3 d6 3. d4 cxd4 4. Nxd4 Nf6 5. Nc3 Nc6 6. Bg5 e6
7. Qd2 a6 8. O-O-O Bd7 9. f3 Rc8 10. Nxc6 Bxc6 11. Kb1 Be7
12. h4 h6 13. Be3 h5 14. Bg5 b5 15. Bd3 Qc7 16. Ne2 Bb7
17. Rhe1 d5 18. e5 Nd7 19. Bxe7 Kxe7 20. f4 g6 21. Nd4 Nc5
22. Rf1 Rcg8 23. Rf3 Qb6 24. Qb4 Kd8 25. Be2 Nd7 26. Rc3 Re8
27. a4 bxa4 28. Qxa4 Nb8 29. Rb3 Qc7 30. Rdd3 Re7 31. Rxb7
Qxb7 32. Rb3 Qc7 33. Rxb8+ Qxb8 34. Nc6+ Kc7 35. Nxb8 Rxb8
36. Qxa6 1-0